[Event "First Saturday 2009 augusztus GM"]
[Site "Budapest"]
[Date "2009.08.01"]
[Round "1"]
[White "Varga, Zoltan"]
[Black "Payen, Arnaud"]
[Result "1-0"]
[WhiteElo "2473"]
[BlackElo "2368"]
[PlyCount "85"]
[EventDate "2009.08.01"]

1. e4 e5 2. Nf3 Nc6 3. Nc3 Nf6 4. Bb5 d6 5. d4 Bd7 6. Bg5 Be7 7. d5 Nb8 8. Bxf6
Bxf6 9. Qe2 a6 10. Bxd7+ Nxd7 11. O-O h5 12. b4 Nf8 13. Nd1 Ng6 14. g3 h4 15.
Ne3 Qd7 16. c4 Be7 17. Nf5 O-O 18. Rfc1 a5 19. b5 Rfc8 20. Qf1 Qd8 21. Rab1 c6
22. dxc6 bxc6 23. Rd1 cxb5 24. cxb5 hxg3 25. hxg3 Rab8 26. Qd3 Rc5 27. a4 Bf8
28. Kg2 Qc7 29. Ng5 Qd8 30. Qe3 d5 31. Rxd5 Rxd5 32. exd5 Qf6 33. Nh4 Nf4+ 34.
gxf4 exf4 35. Ne4 Qxh4 36. Qh3 Qe7 37. Qf5 Rb6 38. d6 f3+ 39. Kxf3 Qb7 40. d7
Rd6 41. Rh1 g6 42. Qe5 Rd3+ 43. Ke2 1-0

[Event "First Saturday 2009 augusztus GM"]
[Site "Budapest"]
[Date "2009.08.01"]
[Round "1"]
[White "Shen, Sivuan"]
[Black "Zherebukh, Yaroslav"]
[Result "1/2-1/2"]
[WhiteElo "2321"]
[BlackElo "2543"]
[PlyCount "116"]
[EventDate "2009.08.01"]

1. Nf3 Nf6 2. g3 d5 3. c4 e6 4. Bg2 c6 5. b3 Bd6 6. Bb2 Nbd7 7. d4 O-O 8. O-O
b5 9. Nbd2 bxc4 10. bxc4 Ba6 11. Qc2 Rb8 12. Rab1 Qc7 13. Rfc1 Rfc8 14. Qa4
Bxc4 15. Nxc4 Rb4 16. Qd1 dxc4 17. Nd2 Nb6 18. e4 Bf8 19. Bc3 Rxb1 20. Rxb1 Ne8
21. Ba5 Nd6 22. Rc1 Nb7 23. Nxc4 Nxa5 24. Nxa5 Qd7 25. Nb3 Qd6 26. Qh5 Qa3 27.
Qa5 Qxa5 28. Nxa5 c5 29. dxc5 Rxc5 30. Rxc5 Bxc5 31. Nb3 Ba3 32. Kf1 Na4 33.
Ke2 Nc3+ 34. Kd3 Nxa2 35. Kc4 Bb4 36. Nd4 a5 37. Nc6 Be1 38. Kb3 Nc3 39. f4 a4+
40. Ka3 Bd2 41. Kb2 Nb5 42. Bf1 a3+ 43. Kb3 Nc3 44. Bd3 a2 45. Kb2 Bc1+ 46. Ka1
Be3 47. f5 exf5 48. exf5 h5 49. Bc4 Bg5 50. Ne5 Kf8 51. Nxf7 Bf6 52. Nh8 g5 53.
Ng6+ Kg7 54. Bxa2 Ne2+ 55. Kb1 Nd4 56. h4 Nxf5 57. hxg5 Kxg6 58. gxf6 Kxf6
1/2-1/2

[Event "First Saturday 2009 augusztus GM"]
[Site "Budapest"]
[Date "2009.08.01"]
[Round "1"]
[White "Rees, Ioan"]
[Black "Samhouri, Ahmad"]
[Result "1/2-1/2"]
[WhiteElo "2321"]
[BlackElo "2375"]
[PlyCount "69"]
[EventDate "2009.08.01"]

1. Nf3 c5 2. e4 d6 3. d4 cxd4 4. Nxd4 Nf6 5. Nc3 a6 6. Bc4 e6 7. Bb3 Nbd7 8.
Bg5 Qa5 9. Qd2 Be7 10. O-O-O Nc5 11. f3 Bd7 12. Kb1 b5 13. Bxf6 Bxf6 14. Nd5
Qxd2 15. Nxf6+ gxf6 16. Rxd2 Ke7 17. Rhd1 a5 18. c3 Rhc8 19. Bc2 Ra6 20. b4 Na4
21. Bxa4 bxa4 22. Rc1 e5 23. Ne2 a3 24. bxa5 Rxa5 25. Kc2 Rac5 26. Kd1 Bb5 27.
Ng3 Bd7 28. Rd3 Rb8 29. c4 Ra5 30. Nf1 Rb2 31. Rd2 Ra4 32. Ne3 Be6 33. Rxb2
axb2 34. Rb1 Ra3 35. Kd2 1/2-1/2

[Event "First Saturday 2009 augusztus GM"]
[Site "Budapest"]
[Date "2009.08.02"]
[Round "2"]
[White "Zherebukh, Yaroslav"]
[Black "Rees, Ioan"]
[Result "1-0"]
[WhiteElo "2543"]
[BlackElo "2321"]
[PlyCount "75"]
[EventDate "2009.08.01"]

1. e4 c5 2. Nf3 d6 3. d4 cxd4 4. Nxd4 Nf6 5. Nc3 g6 6. Be3 Bg7 7. f3 Nc6 8. Qd2
O-O 9. Bc4 Bd7 10. g4 Ne5 11. Be2 Rc8 12. O-O-O Nc4 13. Bxc4 Rxc4 14. Kb1 b5
15. b3 b4 16. bxc4 bxc3 17. Qxc3 Qc7 18. h4 Bxg4 19. fxg4 Nxe4 20. Qd3 Rb8+ 21.
Kc1 Qb7 22. Nb3 Nc3 23. Rdf1 Nxa2+ 24. Kd1 Nc3+ 25. Ke1 Ne4 26. Rh3 a5 27. Nd2
Nf6 28. Rg3 a4 29. Bd4 e5 30. Bg1 d5 31. cxd5 Nxd5 32. Qe4 Bf8 33. c4 a3 34.
Qxd5 a2 35. Ke2 Qb2 36. Qxf7+ Kh8 37. Rb3 a1=Q 38. Rxa1 1-0

[Event "First Saturday 2009 augusztus GM"]
[Site "Budapest"]
[Date "2009.08.02"]
[Round "2"]
[White "Pap, Gyula"]
[Black "Shen, Sivuan"]
[Result "1/2-1/2"]
[WhiteElo "2503"]
[BlackElo "2321"]
[PlyCount "60"]
[EventDate "2009.08.01"]

1. d4 d5 2. Nf3 Nf6 3. c4 c6 4. e3 Bf5 5. Nc3 e6 6. Nh4 Bg6 7. Be2 Nbd7 8. O-O
Bd6 9. g3 a6 10. Nxg6 hxg6 11. b3 b5 12. a3 O-O 13. Bf3 Qc7 14. Qe2 Rab8 15.
Qa2 Rfe8 16. Bd2 Qa7 17. Bg2 bxc4 18. bxc4 dxc4 19. Qxc4 c5 20. Ne2 Rb2 21.
Rfd1 Rc8 22. dxc5 Bxc5 23. Qd3 Bf8 24. Bb4 Rcc2 25. Rd2 Rxd2 26. Bxd2 Nc5 27.
Qd4 Rxd2 28. Qxd2 Nb3 29. Qc3 Nxa1 30. Qxa1 Qc5 1/2-1/2

[Event "First Saturday 2009 augusztus GM"]
[Site "Budapest"]
[Date "2009.08.02"]
[Round "2"]
[White "Boros, Denes"]
[Black "Oleksienko, Mikhalio"]
[Result "1/2-1/2"]
[WhiteElo "2485"]
[BlackElo "2543"]
[PlyCount "55"]
[EventDate "2009.08.01"]

1. e4 c5 2. Nf3 d6 3. d4 cxd4 4. Qxd4 a6 5. c4 Nc6 6. Qe3 g6 7. Be2 Bg7 8. O-O
Nf6 9. h3 O-O 10. Rd1 Nd7 11. Nc3 Nc5 12. Bd2 f5 13. exf5 Bxf5 14. Be1 Nb4 15.
Rac1 Nc2 16. Qd2 Nxe1 17. Rxe1 Bd7 18. Nd4 Kh8 19. b4 Ne6 20. Nxe6 Bxe6 21. Bf3
Bxh3 22. Bxb7 Ra7 23. Bc6 Qb6 24. Nd5 Qxc6 25. Qe3 Bxg2 26. Qxa7 Bxd5 27. cxd5
Qxd5 28. Qxe7 1/2-1/2

[Event "First Saturday 2009 augusztus GM"]
[Site "Budapest"]
[Date "2009.08.02"]
[Round "2"]
[White "Tzermiadianos, Andreas"]
[Black "Szabo, Krisztian"]
[Result "1-0"]
[WhiteElo "2447"]
[BlackElo "2493"]
[PlyCount "153"]
[EventDate "2009.08.01"]

1. e4 c5 2. Nf3 e6 3. c3 d5 4. exd5 Qxd5 5. d4 Nf6 6. Na3 Qd8 7. Nc2 Nbd7 8.
Bd3 Qc7 9. O-O b6 10. Re1 Bb7 11. Ne5 Be7 12. Bf4 Qc8 13. Qe2 O-O 14. Rad1 cxd4
15. Nxd4 Nc5 16. Bc4 Nd5 17. Bc1 a6 18. Nf5 exf5 19. Bxd5 Bxd5 20. Rxd5 Qe6 21.
Qd1 Ne4 22. f3 Bc5+ 23. Kf1 Nf2 24. Qb3 Rae8 25. Rxc5 bxc5 26. Qxe6 Rxe6 27.
Kxf2 Rfe8 28. Nd3 c4 29. Rxe6 Rxe6 30. Nc5 Rc6 31. Be3 f6 32. b3 cxb3 33. axb3
Kf7 34. Ke2 g5 35. Bd4 Rd6 36. Kd3 h5 37. b4 Kg6 38. c4 Rb6 39. Kc3 Kf7 40. Nd3
Rb8 41. Nc5 Rb6 42. Nb3 Rb8 43. Bf2 Ke7 44. Nd4 Kd7 45. Nxf5 Re8 46. Nd4 f5 47.
Kd3 f4 48. Nb3 g4 49. Nc5+ Kc8 50. Nxa6 Rg8 51. Nc5 gxf3 52. gxf3 Rg2 53. Ke2
Rxh2 54. Nd3 Rh1 55. Be1 h4 56. Nf2 Rg1 57. Bd2 Rb1 58. b5 Kd7 59. Bxf4 Rb2+
60. Ke3 Rc2 61. Ng4 h3 62. Kd4 Rb2 63. Kd5 Rb3 64. Nh2 Rb2 65. Kc5 Kc8 66. Be5
Re2 67. Kd4 Rd2+ 68. Ke3 Rc2 69. Kd3 Rc1 70. f4 Rd1+ 71. Kc3 Rc1+ 72. Kd4 Rd1+
73. Kc5 Kd7 74. b6 Rb1 75. f5 Rb3 76. Bc7 Rb1 77. Ng4 1-0

[Event "First Saturday 2009 augusztus GM"]
[Site "Budapest"]
[Date "2009.08.02"]
[Round "2"]
[White "Payen, Arnaud"]
[Black "Rapport, Richard"]
[Result "0-1"]
[WhiteElo "2368"]
[BlackElo "2401"]
[PlyCount "52"]
[EventDate "2009.08.01"]

1. d4 d5 2. c4 c6 3. Nf3 Nf6 4. Nc3 e6 5. Qd3 b6 6. g3 Ba6 7. b3 b5 8. Qc2 bxc4
9. bxc4 Bb4 10. Bd2 Bxc4 11. Ne5 Ba6 12. Rb1 Ba5 13. e3 Bxf1 14. Kxf1 O-O 15.
Kg2 Nfd7 16. Nd3 Nb6 17. Nc5 Nc4 18. Rb7 Bb6 19. N3a4 Nd6 20. Bb4 Re8 21. Qb3
Nxb7 22. Nxb7 Qc7 23. Nd6 Rd8 24. Qa3 Na6 25. Bc5 Nxc5 26. dxc5 Bxc5 0-1

[Event "First Saturday 2009 augusztus GM"]
[Site "Budapest"]
[Date "2009.08.02"]
[Round "2"]
[White "Seres, Lajos"]
[Black "Varga, Zoltan"]
[Result "1/2-1/2"]
[WhiteElo "2456"]
[BlackElo "2473"]
[PlyCount "40"]
[EventDate "2009.08.01"]

1. d4 Nf6 2. c4 g6 3. Nf3 Bg7 4. g3 O-O 5. Bg2 c6 6. Nc3 d5 7. cxd5 cxd5 8. O-O
Nc6 9. Ne5 Bf5 10. Nxc6 bxc6 11. Bf4 Nd7 12. Qd2 Re8 13. Bh6 Bh8 14. Rfe1 Qb6
15. Rad1 Rab8 16. b3 Qa6 17. e3 Rec8 18. Qe2 Qxe2 19. Rxe2 Bg4 20. f3 Be6
1/2-1/2

[Event "First Saturday 2009 augusztus GM"]
[Site "Budapest"]
[Date "2009.08.03"]
[Round "3"]
[White "Szabo, Krisztian"]
[Black "Payen, Arnaud"]
[Result "1-0"]
[WhiteElo "2493"]
[BlackElo "2368"]
[PlyCount "85"]
[EventDate "2009.08.01"]

1. e4 e5 2. Nf3 Nc6 3. Bb5 a6 4. Ba4 Nf6 5. O-O Be7 6. Re1 b5 7. Bb3 d6 8. c3
O-O 9. h3 a5 10. d4 a4 11. Bc2 Bd7 12. Nbd2 Re8 13. Nf1 Bf8 14. Ng3 g6 15. Bg5
h6 16. Be3 Qb8 17. Qd2 Kh7 18. Nh4 a3 19. bxa3 Na5 20. f4 Nc4 21. Qf2 Bg7 22.
Bc1 Qb6 23. fxe5 dxe5 24. Nf3 Bc6 25. a4 exd4 26. axb5 d3 27. Qxb6 cxb6 28.
Bxd3 Bxb5 29. Rb1 Ba6 30. Rb4 Ne5 31. Nxe5 Rxe5 32. Ra4 Bb7 33. Rxa8 Bxa8 34.
Be3 Nd7 35. Bd4 Ra5 36. Bc4 Ne5 37. Bb3 b5 38. Ne2 Nd3 39. Rf1 Bxd4+ 40. cxd4
Bxe4 41. Rxf7+ Kh8 42. Re7 Ba8 43. d5 1-0

[Event "First Saturday 2009 augusztus GM"]
[Site "Budapest"]
[Date "2009.08.03"]
[Round "3"]
[White "Shen, Sivuan"]
[Black "Boros, Denes"]
[Result "1-0"]
[WhiteElo "2321"]
[BlackElo "2485"]
[PlyCount "148"]
[EventDate "2009.08.01"]

1. Nf3 Nf6 2. b3 e6 3. Bb2 c5 4. e3 Nc6 5. Be2 d5 6. d4 cxd4 7. exd4 Bb4+ 8. c3
Be7 9. O-O O-O 10. Nbd2 Rb8 11. Ne5 Nd7 12. c4 dxc4 13. Nxc6 bxc6 14. Nxc4 Bb7
15. Qc2 Rc8 16. Bf3 Qc7 17. Rfd1 Rfe8 18. Rd2 Bg5 19. Re2 Ba6 20. Rd1 Bf4 21.
g3 Bg5 22. Ree1 Be7 23. Bg2 Bb4 24. Bc3 Be7 25. Bd2 Bxc4 26. Qxc4 Nb6 27. Qa6
Qd7 28. Rc1 Bf6 29. Be3 Nd5 30. Rc4 Rc7 31. Rec1 Rec8 32. Bxd5 exd5 33. R4c3 g5
34. Qa4 Qe6 35. Bd2 Qe4 36. Be3 h5 37. Rxc6 Rxc6 38. Rxc6 Rxc6 39. Qxc6 Bxd4
40. Qc1 f6 41. Bxd4 Qxd4 42. Qe3 Qd1+ 43. Kg2 a5 44. Qf3 Qd4 45. Qxh5 Kg7 46.
h4 Qd2 47. Qf3 d4 48. h5 Qc2 49. g4 d3 50. Qe4 Qc3 51. Qe7+ Kh8 52. Qf8+ Kh7
53. Qf7+ Kh8 54. h6 f5 55. Qg7+ Qxg7 56. hxg7+ Kxg7 57. Kf1 fxg4 58. Ke1 Kf6
59. Kd2 Kf5 60. Ke3 g3 61. fxg3 Kg4 62. a3 Kxg3 63. b4 Kh2 64. b5 g4 65. b6 d2
66. Kxd2 g3 67. b7 g2 68. b8=Q+ Kh3 69. Qh8+ Kg3 70. Qg7+ Kf2 71. Qd4+ Kf1 72.
Qf4+ Kg1 73. Ke3 Kh1 74. Qh4+ Kg1 1-0

[Event "First Saturday 2009 augusztus GM"]
[Site "Budapest"]
[Date "2009.08.03"]
[Round "3"]
[White "Rees, Ioan"]
[Black "Pap, Gyula"]
[Result "0-1"]
[WhiteElo "2321"]
[BlackElo "2503"]
[PlyCount "92"]
[EventDate "2009.08.01"]

1. d4 Nf6 2. c4 e6 3. Nf3 d5 4. Nc3 Bb4 5. e3 O-O 6. Bd3 c5 7. a3 Bxc3+ 8. bxc3
Nc6 9. O-O dxc4 10. Bxc4 Qc7 11. Bb2 e5 12. dxe5 Nxe5 13. Be2 Rd8 14. Qc2 Nxf3+
15. Bxf3 Bg4 16. c4 Bxf3 17. Bxf6 gxf6 18. gxf3 Qe5 19. Kh1 Kh8 20. Rad1 Rxd1
21. Qxd1 Qe6 22. Rg1 Rg8 23. Qd3 Rg6 24. Rg3 Kg7 25. Kg2 Qc6 26. Qd5 Qxd5 27.
cxd5 f5 28. e4 Kf6 29. Rxg6+ hxg6 30. h4 b5 31. Kf1 b4 32. axb4 cxb4 33. Ke2 a5
34. Kd2 a4 35. Kc1 f4 36. Kb1 Ke5 37. Kc2 Kd6 38. Kb2 Kc5 39. Kb1 Kd6 40. Kb2
Kc5 41. Kb1 b3 42. Kc1 a3 43. Kb1 Kd4 44. d6 Kc3 45. d7 a2+ 46. Ka1 Kc2 0-1

[Event "First Saturday 2009 augusztus GM"]
[Site "Budapest"]
[Date "2009.08.03"]
[Round "3"]
[White "Samhouri, Ahmad"]
[Black "Zherebukh, Yaroslav"]
[Result "0-1"]
[WhiteElo "2375"]
[BlackElo "2543"]
[PlyCount "56"]
[EventDate "2009.08.01"]

1. e4 c5 2. Nf3 d6 3. d4 cxd4 4. Nxd4 Nf6 5. Nc3 a6 6. Be2 e5 7. Nb3 Be7 8. O-O
O-O 9. Kh1 b6 10. Bg5 Nbd7 11. a4 Bb7 12. Qd3 Rc8 13. f3 h6 14. Be3 Qc7 15.
Rac1 Ra8 16. Nd5 Nxd5 17. exd5 b5 18. axb5 axb5 19. c4 bxc4 20. Rxc4 Qd8 21.
Rfc1 Nf6 22. Rc7 Ba6 23. R7c4 Rb8 24. Nd2 Rxb2 25. Bf1 Qa8 26. Qc3 Bxc4 27.
Nxc4 Rbb8 28. Nb6 Rxb6 0-1

[Event "First Saturday 2009 augusztus GM"]
[Site "Budapest"]
[Date "2009.08.04"]
[Round "4"]
[White "Pap, Gyula"]
[Black "Samhouri, Ahmad"]
[Result "0-1"]
[WhiteElo "2503"]
[BlackElo "2375"]
[PlyCount "76"]
[EventDate "2009.08.01"]

1. c4 e5 2. Nc3 Nf6 3. Nf3 Nc6 4. e3 Bb4 5. Qc2 O-O 6. Be2 Re8 7. O-O e4 8. Ne1
Bxc3 9. Qxc3 d5 10. cxd5 Nxd5 11. Qb3 Nb6 12. a3 a5 13. Qc2 Bf5 14. d3 Qd5 15.
b3 a4 16. b4 exd3 17. Bxd3 Bxd3 18. Nxd3 Rad8 19. Nc5 Ne5 20. Bb2 Nec4 21. Bd4
Qc6 22. Qc3 Rd6 23. e4 Rg6 24. f3 Nd6 25. Bf2 Nd7 26. Rfc1 Rc8 27. Qd3 Nxc5 28.
bxc5 Ne8 29. Rab1 Nf6 30. Qb5 Qe6 31. Qxb7 Nh5 32. Be3 Re8 33. Rc2 f5 34. Qxc7
fxe4 35. f4 Nf6 36. Rb6 Qh3 37. g3 Nd5 38. Qa7 Nxe3 0-1

[Event "First Saturday 2009 augusztus GM"]
[Site "Budapest"]
[Date "2009.08.04"]
[Round "4"]
[White "Boros, Denes"]
[Black "Rees, Ioan"]
[Result "1-0"]
[WhiteElo "2485"]
[BlackElo "2321"]
[PlyCount "43"]
[EventDate "2009.08.01"]

1. e4 c5 2. Nf3 Nc6 3. c3 d5 4. exd5 Qxd5 5. d4 Bg4 6. Be2 cxd4 7. cxd4 e6 8.
Nc3 Qa5 9. h3 Bh5 10. d5 exd5 11. Nd4 Bxe2 12. Qxe2+ Be7 13. Nxc6 bxc6 14. O-O
Rd8 15. Bd2 d4 16. Ne4 Qe5 17. Qf3 Nf6 18. Rfe1 O-O 19. Ng3 Qc7 20. Nf5 Rfe8
21. Rxe7 Rxe7 22. Ba5 1-0

[Event "First Saturday 2009 augusztus GM"]
[Site "Budapest"]
[Date "2009.08.04"]
[Round "4"]
[White "Tzermiadianos, Andreas"]
[Black "Shen, Sivuan"]
[Result "1-0"]
[WhiteElo "2447"]
[BlackElo "2321"]
[PlyCount "37"]
[EventDate "2009.08.01"]

1. e4 d5 2. exd5 Nf6 3. d4 Nxd5 4. Nf3 Bg4 5. h3 Bh5 6. c4 Nb6 7. Nc3 e6 8. g4
Bg6 9. Ne5 Nc6 10. Nxc6 bxc6 11. Bg2 Qd7 12. Qf3 c5 13. Qb7 Kd8 14. Bg5+ f6 15.
dxc5 Bxc5 16. Rd1 Bd4 17. Be3 Bxc3+ 18. bxc3 Qxd1+ 19. Kxd1 1-0

[Event "First Saturday 2009 augusztus GM"]
[Site "Budapest"]
[Date "2009.08.04"]
[Round "4"]
[White "Varga, Zoltan"]
[Black "Rapport, Richard"]
[Result "1/2-1/2"]
[WhiteElo "2473"]
[BlackElo "2401"]
[PlyCount "48"]
[EventDate "2009.08.01"]

1. e4 c6 2. c4 d5 3. cxd5 cxd5 4. exd5 Nf6 5. Bb5+ Nbd7 6. Nc3 a6 7. Be2 b5 8.
d4 b4 9. Na4 Nxd5 10. Nf3 Bb7 11. O-O e6 12. Bd2 Bd6 13. Qb3 O-O 14. a3 Rb8 15.
axb4 Nxb4 16. Bxb4 Bxb4 17. Qxb4 Bxf3 18. Qd2 Bxe2 19. Qxe2 a5 20. Rfd1 Nf6 21.
Rd2 Nd5 22. Nc3 Rc8 23. Qf3 Rc4 24. Nxd5 Qxd5 1/2-1/2

[Event "First Saturday 2009 augusztus GM"]
[Site "Budapest"]
[Date "2009.08.05"]
[Round "5"]
[White "Szabo, Krisztian"]
[Black "Varga, Zoltan"]
[Result "1/2-1/2"]
[WhiteElo "2493"]
[BlackElo "2473"]
[PlyCount "64"]
[EventDate "2009.08.01"]

1. e4 e5 2. Nf3 Nf6 3. Nxe5 Nxe4 4. Qe2 Qe7 5. Qxe4 d6 6. d4 dxe5 7. dxe5 Nc6
8. Nc3 Qxe5 9. Qxe5+ Nxe5 10. Bf4 Bd6 11. Bg3 f6 12. O-O-O Bd7 13. Nb5 Bxb5 14.
Bxb5+ Kf7 15. f3 Rhd8 16. Bf2 c6 17. Be2 Bc7 18. f4 Nd7 19. Bc4+ Kf8 20. Be3
Bb6 21. Bd2 Bc5 22. Bd3 g6 23. g4 Bd6 24. c3 Re8 25. Bc2 Re2 26. f5 Ne5 27.
Bh6+ Ke7 28. g5 fxg5 29. fxg6 hxg6 30. Rhf1 Re8 31. Bxg5+ Kd7 32. h4 Kc7
1/2-1/2

[Event "First Saturday 2009 augusztus GM"]
[Site "Budapest"]
[Date "2009.08.05"]
[Round "5"]
[White "Oleksienko, Mikhalio"]
[Black "Seres, Lajos"]
[Result "1-0"]
[WhiteElo "2543"]
[BlackElo "2456"]
[PlyCount "129"]
[EventDate "2009.08.01"]

1. e4 c5 2. Nf3 Nc6 3. d4 cxd4 4. Nxd4 g6 5. c4 Nf6 6. Nc3 Nxd4 7. Qxd4 d6 8.
Be3 Bg7 9. Be2 O-O 10. Qd2 Be6 11. Rc1 Qa5 12. O-O a6 13. b3 b5 14. Nd5 Qxd2
15. Nxe7+ Kh8 16. Bxd2 Nxe4 17. Ba5 Rae8 18. Nc6 bxc4 19. Bxc4 Bxc4 20. Rxc4 d5
21. Rcc1 d4 22. Bb4 Rg8 23. Rc4 Rc8 24. Rd1 Rge8 25. Kf1 h5 26. Rd3 Rc7 27. a3
Rec8 28. Na5 Rxc4 29. Nxc4 Rc6 30. f3 Ng5 31. Bd6 Ne6 32. Rd1 Kh7 33. Ke2 g5
34. Kd3 Kg6 35. b4 Rc8 36. Re1 h4 37. a4 Bf8 38. Bxf8 Rxf8 39. g3 Rb8 40. Ne5+
Kg7 41. Nc6 Rb6 42. Rc1 f5 43. Rc4 h3 44. Nxd4 Nxd4 45. Kxd4 Kf6 46. Kd5 Rb8
47. Rc6+ Kg7 48. Kc4 Re8 49. Kb3 Re2 50. Rc2 Re3+ 51. Kc4 Rxf3 52. b5 axb5+ 53.
axb5 f4 54. g4 Re3 55. b6 Re7 56. Kd5 f3 57. Rf2 Re2 58. b7 Rxf2 59. b8=Q Rd2+
60. Ke6 f2 61. Qe5+ Kh7 62. Qf5+ Kh6 63. Qf6+ Kh7 64. Qf7+ Kh6 65. Qh5+ 1-0

[Event "First Saturday 2009 augusztus GM"]
[Site "Budapest"]
[Date "2009.08.05"]
[Round "5"]
[White "Shen, Sivuan"]
[Black "Payen, Arnaud"]
[Result "1/2-1/2"]
[WhiteElo "2321"]
[BlackElo "2368"]
[PlyCount "112"]
[EventDate "2009.08.01"]

1. Nf3 e6 2. b3 f5 3. c4 Nf6 4. Bb2 d5 5. g3 Bd6 6. Bg2 O-O 7. O-O c6 8. d3
Nbd7 9. Nc3 Ne5 10. e3 Nxf3+ 11. Bxf3 Qe7 12. Qe2 dxc4 13. dxc4 e5 14. Na4 e4
15. Bg2 Be6 16. Rac1 Nd7 17. Rfd1 Ne5 18. c5 Bc7 19. Bd4 Nf3+ 20. Bxf3 exf3 21.
Qxf3 Bd5 22. Qe2 f4 23. Nc3 fxg3 24. fxg3 Bf3 25. Qc4+ Kh8 26. Rd2 Qg5 27. Ne2
Bd5 28. Qc2 Qg4 29. Nc3 Ba5 30. e4 Bxc3 31. Qxc3 Bxe4 32. Be5 Rae8 33. Re1 Bd5
34. Rde2 Kg8 35. Re3 Re6 36. Qd2 h5 37. Bd6 Rxe3 38. Qxe3 Rf6 39. Rf1 Re6 40.
Qf4 Re2 41. Rf2 Re1+ 42. Rf1 Qh3 43. Qf8+ Kh7 44. Qf2 Rxf1+ 45. Qxf1 Qg4 46.
Qd3+ Be4 47. Qe3 Qd1+ 48. Kf2 Bd3 49. Qe1 Qc2+ 50. Ke3 Bg6 51. Qe2 Qe4+ 52. Kf2
Qd4+ 53. Qe3 Qb2+ 54. Qe2 Qd4+ 55. Qe3 Qb2+ 56. Qe2 Qd4+ 1/2-1/2

[Event "First Saturday 2009 augusztus GM"]
[Site "Budapest"]
[Date "2009.08.05"]
[Round "5"]
[White "Samhouri, Ahmad"]
[Black "Boros, Denes"]
[Result "1/2-1/2"]
[WhiteElo "2375"]
[BlackElo "2485"]
[PlyCount "77"]
[EventDate "2009.08.01"]

1. Nf3 d5 2. d4 Nf6 3. c4 dxc4 4. Qa4+ c6 5. Qxc4 Bf5 6. Nc3 e6 7. g3 Be7 8.
Bg2 Nbd7 9. O-O O-O 10. Rd1 Bc2 11. e3 Bxd1 12. Nxd1 Rc8 13. Nc3 b5 14. Qe2 Qa5
15. Nd2 b4 16. Nc4 Qa6 17. Nb1 c5 18. b3 Nd5 19. Bb2 cxd4 20. Bxd4 Bf6 21. Bxf6
N5xf6 22. Nbd2 Nc5 23. Bf1 Rfd8 24. e4 Rxd2 25. Nxd2 Qxe2 26. Bxe2 Nfxe4 27.
Nxe4 Nxe4 28. a3 a5 29. axb4 axb4 30. Ra7 Rb8 31. f3 Nc3 32. Kf2 g6 33. Bc4
Nd1+ 34. Ke2 Rd8 35. Rb7 Nc3+ 36. Ke3 Na2 37. Ra7 Nc3 38. Rb7 Na2 39. Ra7
1/2-1/2

[Event "First Saturday 2009 augusztus GM"]
[Site "Budapest"]
[Date "2009.08.05"]
[Round "5"]
[White "Zherebukh, Yaroslav"]
[Black "Pap, Gyula"]
[Result "1-0"]
[WhiteElo "2543"]
[BlackElo "2503"]
[PlyCount "57"]
[EventDate "2009.08.01"]

1. d4 Nf6 2. c4 c5 3. d5 e5 4. Nc3 d6 5. e4 g6 6. f3 Bg7 7. Bg5 h6 8. Be3 Nh5
9. Qd2 f5 10. exf5 gxf5 11. g3 Na6 12. a3 Bd7 13. Bd3 Nf6 14. Nge2 Qc7 15. Bc2
h5 16. Bg5 O-O 17. g4 hxg4 18. fxg4 f4 19. Qd3 Bxg4 20. Rg1 Qd7 21. O-O-O e4
22. Nxe4 Nxe4 23. Qxe4 Bf5 24. Qf3 Bxc2 25. Bh6 Bxd1 26. Bxg7 Bxe2 27. Bc3+ Kh7
28. Qxe2 Qf7 29. Qg4 1-0

[Event "First Saturday 2009 augusztus GM"]
[Site "Budapest"]
[Date "2009.08.06"]
[Round "6"]
[White "Payen, Arnaud"]
[Black "Rees, Ioan"]
[Result "0-1"]
[WhiteElo "2368"]
[BlackElo "2321"]
[PlyCount "78"]
[EventDate "2009.08.01"]

1. d4 d5 2. c4 e6 3. Nf3 Nf6 4. Nc3 Nbd7 5. Bf4 dxc4 6. e3 Nd5 7. Bxc4 Nxf4 8.
exf4 Bd6 9. g3 Nf6 10. O-O O-O 11. Ne5 c6 12. Qe2 Nd5 13. Ne4 f6 14. Nd3 Re8
15. Qh5 Bf8 16. Rfe1 g6 17. Qf3 Bg7 18. Nc3 b6 19. Re2 Bb7 20. Rae1 Qd7 21. Qg2
Re7 22. h4 Rae8 23. Qh3 Nc7 24. h5 Qxd4 25. Re4 Qd7 26. h6 Bf8 27. f5 c5 28.
fxg6 hxg6 29. Qg4 Kh7 30. Nf4 g5 31. Nh5 Kg6 32. Nxf6 Kxf6 33. f4 Bxh6 34.
fxg5+ Bxg5 35. Rf1+ Kg6 36. Ref4 Rg7 37. Bd5 Kh7 38. Rf8 Rxf8 39. Rxf8 Be3+ 0-1

[Event "First Saturday 2009 augusztus GM"]
[Site "Budapest"]
[Date "2009.08.06"]
[Round "6"]
[White "Seres, Lajos"]
[Black "Shen, Sivuan"]
[Result "1/2-1/2"]
[WhiteElo "2456"]
[BlackElo "2321"]
[PlyCount "99"]
[EventDate "2009.08.01"]

1. d4 d5 2. c4 c6 3. Nf3 Nf6 4. Nc3 e6 5. cxd5 exd5 6. Bg5 h6 7. Bh4 Bf5 8. Qb3
Qb6 9. Bxf6 Qxb3 10. axb3 gxf6 11. e3 Nd7 12. Be2 Be7 13. O-O Nb6 14. Rfc1 Rg8
15. Ne1 a6 16. Bd3 Be6 17. Bb1 O-O-O 18. Nd3 Kb8 19. Na4 Nc8 20. Nac5 Nd6 21.
Nb4 Bd7 22. Bd3 Nb5 23. Bxb5 axb5 24. Nxd7+ Rxd7 25. Nd3 Bd6 26. g3 Re7 27. Ne1
Kc7 28. Nf3 Kd7 29. Ra7 Ke6 30. Kf1 Bb8 31. Ra8 Ree8 32. Rca1 Bc7 33. R8a7 Rb8
34. Ke2 Bb6 35. R7a2 Kd7 36. Ne1 Kd6 37. Nd3 Ke7 38. Kf3 Rgd8 39. Kf4 Re8 40.
h4 Ke6 41. b4 Bc7+ 42. Kf3 Bb6 43. b3 Kd6 44. Nf4 Kd7 45. Nd3 Kd6 46. Rd1 Kd7
47. Kf4 Ke6 48. Nc5+ Bxc5 49. dxc5 f5 50. Rd4 1/2-1/2

[Event "First Saturday 2009 augusztus GM"]
[Site "Budapest"]
[Date "2009.08.06"]
[Round "6"]
[White "Varga, Zoltan"]
[Black "Oleksienko, Mikhalio"]
[Result "0-1"]
[WhiteElo "2473"]
[BlackElo "2543"]
[PlyCount "68"]
[EventDate "2009.08.01"]

1. e4 c5 2. Nf3 e6 3. d4 cxd4 4. Nxd4 a6 5. Bd3 Nf6 6. Qe2 d6 7. O-O g6 8. Nf3
Bg7 9. Rd1 Qc7 10. e5 dxe5 11. Qxe5 Qxe5 12. Nxe5 Nd5 13. Nc4 Nd7 14. Be4 N7f6
15. Bf3 b5 16. Ne5 O-O 17. a4 b4 18. Nd2 Ra7 19. Ndc4 Rc7 20. Bg5 Nd7 21. Nxd7
Bxd7 22. Be2 h6 23. Bh4 Rfc8 24. Nd6 Ra8 25. Nc4 Bxb2 26. Nxb2 Rxc2 27. Bf3
Rxb2 28. Bf6 Rc2 29. Bxd5 exd5 30. Rxd5 Be6 31. Rd6 g5 32. h4 gxh4 33. a5 b3
34. Rb6 Ra2 0-1

[Event "First Saturday 2009 augusztus GM"]
[Site "Budapest"]
[Date "2009.08.06"]
[Round "6"]
[White "Rapport, Richard"]
[Black "Szabo, Krisztian"]
[Result "1-0"]
[WhiteElo "2401"]
[BlackElo "2493"]
[PlyCount "79"]
[EventDate "2009.08.01"]

1. Nf3 Nf6 2. c4 e6 3. Nc3 d5 4. d4 c6 5. Qd3 dxc4 6. Qxc4 b5 7. Qb3 Bb7 8. Bg5
Nbd7 9. e4 h6 10. Bxf6 gxf6 11. Be2 a6 12. O-O Qb6 13. a4 Be7 14. Rad1 Rd8 15.
Bd3 Kf8 16. axb5 axb5 17. Rfe1 h5 18. g3 Kg7 19. Bb1 Qa5 20. Nh4 Qb4 21. Qc2
Nb6 22. Ne2 Qc4 23. Qd2 Bb4 24. Nc3 Na4 25. e5 Nxc3 26. bxc3 Bxc3 27. Qf4 Qd5
28. Ba2 Qxa2 29. Qxf6+ Kg8 30. Qxd8+ Kg7 31. Qg5+ Kf8 32. Re3 Qc2 33. Qd8+ Kg7
34. Qf6+ Kg8 35. Rdd3 c5 36. d5 Bxd5 37. Rxd5 exd5 38. Nf5 Qd1+ 39. Kg2 Qg4 40.
h3 1-0

[Event "First Saturday 2009 augusztus GM"]
[Site "Budapest"]
[Date "2009.08.07"]
[Round "7"]
[White "Oleksienko, Mikhalio"]
[Black "Rapport, Richard"]
[Result "1/2-1/2"]
[WhiteElo "2543"]
[BlackElo "2401"]
[PlyCount "113"]
[EventDate "2009.08.01"]

1. e4 c6 2. d4 d5 3. e5 Bf5 4. Nd2 e6 5. Nb3 Nd7 6. Nf3 Bg6 7. Be2 Nh6 8. O-O
Nf5 9. Bd2 Be7 10. c4 dxc4 11. Na5 Qc7 12. Nxc4 Bh5 13. Ba5 b6 14. Bc3 O-O 15.
h3 b5 16. Ba5 Nb6 17. Ncd2 Bg6 18. Nb3 Qd7 19. g4 Nh4 20. Nxh4 Bxh4 21. Nc5 Qc8
22. a4 Nc4 23. axb5 cxb5 24. Bf3 Rb8 25. Qe2 Nxa5 26. Rxa5 Qd8 27. Qd2 Qe7 28.
Rfa1 Rfd8 29. b4 Qg5 30. Qe3 Qh6 31. Qxh6 gxh6 32. Rd1 Bg5 33. Be4 Bxe4 34.
Nxe4 Be7 35. Rxa7 Bxb4 36. d5 exd5 37. Rxd5 Rxd5 38. Nf6+ Kf8 39. Nxd5 Bc5 40.
Rc7 Bd4 41. Nf6 Bxe5 42. Nd7+ Ke7 43. Ra7 Bd4 44. Nxb8+ Bxa7 45. Nc6+ Kd6 46.
Nxa7 b4 47. Kf1 Kc5 48. Ke2 b3 49. Kd3 b2 50. Kc2 Kd4 51. Kxb2 Ke4 52. Kc3 Kf3
53. Kd4 Kxf2 54. Nc6 Kg3 55. Ke4 Kxh3 56. Kf3 f6 57. Ne7 1/2-1/2